00904nam a2200181 a 4500008004100000050002400041110005600065245012200121260007000243300001500313350000900328500007200337650003300409710004700442995009000489999001700579952012600596090708s1992 ||||||||||||||||| || u aGOV.ZAM(058)ER/1992 aNational Commission for Development Planning (NCDP)10aRepublic of Zambia economic review 1992cBy the Office of the President. National Commission for Development Planning aLusakabNational Commission for Development Planning (NCDP)c1992 a34p.: ill. a0.00 aLIBRARY HOLDINGS: January-March 1992, Second review, september 1992 0aECONOMIC DEVELOPMENT--ZAMBIA aGovernment of the Republic of Zambia (GRZ) D0.00FCBU-MAIN LIBRARY (Kitwe)H1I0.00M1UDAMAGEDWJul 8, 2009ZZambiana Collection c56274d56274 00102lcc4070a001b001cZambiana Collectiond2022-11-30l0oGOV.ZAM(058)ER/1992p03004344r2022-11-30w2022-11-30y002